Principios de política económica / (Registro nro. 13156)

Detalles MARC
000 -LIDER
fixed length control field 00874nam a22002417a 4500
003 - IDENTIFICACDOR DE NÚMERO DE CONTROL
control field DO-SdBNP
005 - DATE AND TIME OF LATEST TRANSACTION
control field 20221114111309.0
008 - ELEMENTOS DE LONGITUD FIJA
fixed length control field 171128b1963 sp||| 00| 0 spa d
040 ## - FUENTE DE CATALOGACIÓN
Agencia que crea de manera original el registro BPMSU
Idioma de catalogación spa
Agencia que realiza la transcripción BPMSU
082 ## - NÚMERO DE CLASIFICACIÓN DECIMAL DE DEWEY
Classification number 338.9
Item number B763p 1963
Edition number 22
100 1# - ASIENTO PRINCIPAL -- NOMBRE PERSONAL
Nombre personal E. Boulding, Kenneth
Fechas asociadas con el nombre 1910-1993
245 10 - MENCIÓN DE TITULO
Título Principios de política económica /
Mención de responsabilidad Kenneth E. Boulding ; traducción y prólogo Francisco Alemany Torres
260 ## - PUBLICACIÓN, DISTRIBUCIÓN, ETC. (PIE DE IMPRENTA)
Lugar de publicación, distribución, etc España :
Nombre del editor, distribuidor, etc. Aguilar,
Fecha de publicación, distribución, etc 1963.
300 ## - DESCRIPCIÓN FÍSICA
Extensión xxvi, 427 p. ;
Dimensiones 22 cm.
500 ## - NOTA GENERAL
Nota general Incluye índice
500 ## - NOTA GENERAL
Nota general Incluye referencias bibliográficas y notas al pie de las páginas.
534 ## - NOTA SOBRE LA VERSIÓN ORIGINAL
Asiento principal del original Título origina :
Mención del título original Título original. $tPrinciples of economic policy.
590 ## - NOTA LOCAL
Enlace inventariado, 2022/VM
650 #4 - ENCABEZAMIENTO DE MATERIA--TEMÁTICO
Término temático o nombre geográfico como elemento de entrada Política económica.
700 1# - ASIENTO SECUNDARIO -- NOMBRE PERSONAL
Nombre personal Alemany Torres, Francisco,
Mención de responsabilidad tr.
910 ## - VALIDACIÓN
Validación BTAVAREZ/VMateo V. /Validado
942 ## - ADDED ENTRY ELEMENTS (KOHA)
Source of classification or shelving scheme Dewey Decimal Classification
Koha item type Libros
Existencias
Withdrawn status Lost status Source of classification or shelving scheme Damaged status Not for loan Collection code Home library Current library Date acquired Full call number Barcode Date last seen Price effective from Koha item type
    Dewey Decimal Classification     Colección General Biblioteca Pública Metropolitana Salomé Ureña Biblioteca Pública Metropolitana Salomé Ureña 11/28/2017 BPMSU CG 338.9 B763p 1963 BPMSU17110484 11/28/2017 11/28/2017 Libros